Forensic medicine and toxicology / (Record no. 66834)

MARC details
000 -LEADER
fixed length control field 00905nam a22002537a 4500
005 - DATE AND TIME OF LATEST TRANSACTION
control field 20120411115531.0
008 - FIXED-LENGTH DATA ELEMENTS--GENERAL INFORMATION
fixed length control field 120411t xxu||||| |||| 00| 0 eng d
010 ## - LCCN (DPL NO)
LC control number ENG-105321
020 ## - INTERNATIONAL STANDARD BOOK NUMBER
International Standard Book Number 9789380599434
Terms of availability 900.00
035 ## - SYSTEM CONTROL NUMBER
System control number EN-88854
037 ## - SOURCE OF ACQUISITION
Source of stock number/acquisition DBAD/PUB
040 ## - CATALOGING SOURCE
Original cataloging agency DPL
Language of cataloging Eng
082 ## - DEWEY DECIMAL CLASSIFICATION NUMBER
Classification number 614.1
100 ## - MAIN ENTRY--PERSONAL NAME
9 (RLIN) 44715
Personal name Mukherjee, J.B.
245 ## - TITLE STATEMENT
Title Forensic medicine and toxicology /
Statement of responsibility, etc by J.B.Mukherjee ; edited by R.N. Karmakar
250 ## - EDITION STATEMENT
Edition statement 4th ed
260 ## - PUBLICATION, DISTRIBUTION, ETC. (IMPRINT)
Place of publication, distribution, etc Kolkata
Name of publisher, distributor, etc Academic Publishers
Date of publication, distribution, etc 2012
270 ## - ADDRESS
Address 5A,Bhawani Dutta Lane,
City Kolkata
Postal code 700073
300 ## - PHYSICAL DESCRIPTION
Extent V.1&II (1048p.) :
Dimensions 24cm (pbk)
Other physical details ill
500 ## - GENERAL NOTE
General note Includes index
700 ## - ADDED ENTRY--PERSONAL NAME
Personal name Karmakar, R.N.
9 (RLIN) 47338
942 ## - ADDED ENTRY ELEMENTS (KOHA)
Source of classification or shelving scheme Dewey Decimal Classification
Item type English Books
Call number suffix MUK
Classification part 614.1
Holdings
Withdrawn status Lost status Source of classification or shelving scheme Damaged status Not for loan Collection code Home library Current library Date acquired Source of acquisition Cost, normal purchase price Total Checkouts Full call number Barcode Date last seen Copy number Cost, replacement price Koha item type
    Dewey Decimal Classification   Not For Loan Non-fiction D.B.Act.Division D.B.Act.Division 17/05/2012 DBAD / PUB 900.00   614.1 MUK EN-88854 17/05/2012 1 900.00 English Books

© Delhi Public Library
Hit Counter
free hit counter